Imafronte
| Previous Title: | Universidad de Murcia. Anales de la Universidad de Murcia. Filosofía y letras |
|---|---|
| Corporate Author: | |
| Format: | Electronic Serial |
| Language: | Spanish |
| Published: |
[Murcia] :
Secretariado de Publicaciones e Intercambio Científico, Universidad de Murcia,
[1985-
|
| Subjects: | |
| Online Access: | Full text available from Research Library: 01/01/2014 to 12/31/2015 Full text available from PRISMA Database with HAPI Index: 01/01/2014 to 01/31/2015 Full text available from Research Library: 01/01/2018 to present |
MARC
| LEADER | 00000nas a2200000 a 4500 | ||
|---|---|---|---|
| 001 | ssj0000579754 | ||
| 003 | WaSeSS | ||
| 005 | 20200512172242.0 | ||
| 006 | m d | ||
| 007 | cr n | ||
| 008 | 910523c19859999sp ar s f0 0spa | ||
| 010 | |a 91641653 | ||
| 022 | |l 0213-392X |y 0213-392X | ||
| 035 | |a (WaSeSS)ssj0000579754 | ||
| 040 | |a DLC |b eng |c DLC |d HUL |d OCLCQ |d DLC |d OCLCQ |d OCLCO |d OCLCF |d CUS |d WaSeSS | ||
| 041 | 0 | |a spa |b eng | |
| 042 | |a pcc | ||
| 043 | |a e-sp--- | ||
| 050 | 0 | 0 | |a N7101 |b .I45 |
| 082 | 0 | 0 | |a 709/.46/05 |2 20 |
| 245 | 0 | 0 | |a Imafronte |h [electronic resource] / |c Dpto. de Historia del Arte. |
| 260 | |a [Murcia] : |b Secretariado de Publicaciones e Intercambio Científico, Universidad de Murcia, |c [1985- | ||
| 310 | |a Annual | ||
| 362 | 0 | |a 1 (1985)- | |
| 500 | |a Title from cover. | ||
| 500 | |a Some issues have distinctive titles. | ||
| 506 | |a License restrictions may limit access. | ||
| 515 | |a Some issues combined. | ||
| 546 | |a Text in Spanish; summaries in English. | ||
| 650 | 0 | |a Art, Spanish |v Periodicals. | |
| 650 | 7 | |a Art, Spanish. |2 fast |0 (OCoLC)fst00816907 | |
| 655 | 0 | |a Electronic journals. | |
| 710 | 2 | |a Universidad de Murcia. |b Dpto. de Historia del Arte. | |
| 780 | 0 | 1 | |a Universidad de Murcia. |t Anales de la Universidad de Murcia. Filosofía y letras |x 0463-9863 |w (DLC) 78647122 |w (OCoLC)4690360 |
| 850 | |a DLC |a MH-FA | ||
| 856 | 4 | 0 | |z Full text available from Research Library: 01/01/2014 to 12/31/2015 |u https://search.proquest.com/publication/2035779 |
| 856 | 4 | 0 | |z Full text available from PRISMA Database with HAPI Index: 01/01/2014 to 01/31/2015 |u https://search.proquest.com/publication/2036005 |
| 856 | 4 | 0 | |z Full text available from Research Library: 01/01/2018 to present |u https://search.proquest.com/publication/2035779 |